Oeuvres avec le nom de leur héros dans leur titre - Statistiques

Statistiques générales
  • Ce quiz a été pris 133 fois
    117 depuis la dernière actualisation
  • Le résultat moyen est 31 sur 51
Statistiques - réponses
Description Titre de l'oeuvre % Correct
Jeune reporter toujours accompagné de son chien Milou, ami du Capitaine Haddock Les Aventures de Tintin
98%
Plus célèbre guerrier du Village gaulois quirésiste encore et toujours à l'envahisseur Astérix le Gaulois
88%
Deux amoureux qui ne peuvent être ensemble à cause de leurs familles respectives Roméo et Juliette
86%
Cowboy ennemi des Dalton, qui tire plusvite que son ombre Lucky Luke
85%
Sorcier ennemi juré de Voldemort, étudiant à Poudlard et ami de Ron et Hermione Harry Potter
81%
Le justicier noir de Gotham City, coéquiper de Robin, ennemi du Joker et du Pingouin Batman
80%
Elle est recueillie par des nains, et se lie d'amitiéavec eux après avoir échappée aux griffes de la Méchante Reine Blanche-Neige et les 7 Nains
80%
La petite araignée du quartier, qui tente deprotéger New York avec ses pouvoirs avec ses pouvoirs acquis après une morsure d'araignée Spiderman
80%
Un garçon volant qui refuse de grandir, et est toujours accompagnée par son amie, la fée Clochette Peter Pan
79%
Marionnette de bois qui s'anime après le souhait de son père qu'il soit vivant Pinocchio
79%
Les aventures d'un ogre vert dont le meilleur ami est un âne Shrek
79%
Superhéros venu d'une autre planète, dontla faiblesse principale est la kryptonite Superman
79%
Persécutée par sa belle-mère et ses deux filles,elle se voit offrir la chance d'aller au bal grâce à sa Marraine la Bonne Fée Cendrillon
78%
Elephanteau qui est capable de voler Dumbo
77%
Créature à l'apparence de singe qui peut se servir de sa queue comme d'un ressort pour sauter Le Marsupilami
77%
Un jeune ninja qui souhaite devenir Hokage Naruto
77%
Un jeune garçon se retrouve avec la capacité de se transformer en plusieurs aliens grâce à une montre Ben 10
76%
Vampire qui habite dans un château en Transylvanie Dracula
75%
Eternel cancre à la tenue jaune rayée de noir,qui rend fou son professeur Monsieur Latouche L'Elève Ducobu
75%
Une jeune fille se retrouve propulsé dans un monde étrange où elle poursuit un lapin blanc et vit des aventures extraordinaires Alice au pays des Merveilles
72%
Petit garçon qui vient d'un astéroïde avec une rose,qui veut qu'on lui dessine un mouton, et devient ami avec un renard Le Petit Prince
72%
Le hérisson le plus rapide du monde Sonic The Hedgehog
72%
Les aventures du canard le plus riche du monde Picsou
70%
Un séducteur au long nez Cyrano de Bergerac
66%
Un médecin de génie qui fait preuve d'un humourcru et pas toujours aimable avec les gens Dr.House
62%
Souris à la culotte rouge la plus connue de toutes Mickey
62%
Après avoir rencontré un voleur, cette jeunefille aux cheveux d'or magiques découvre le vaste monde Raiponce
62%
Héros malchanceux toujours habillé en vert, qui travaille dans un journal Gaston Lagaffe
60%
Petit bonhomme habillé en rouge, qui peut setransformer notamment avec des champignons Mario
59%
Un chevalier d'Espagne qui se bat contre des moulins en pensant qu'il s'agit de géants Don Quichotte
58%
Une démarcheuse en produits de soin rencontreune créature dont les mains sont faites de ciseaux Edward aux Mains d'Argent
58%
Un homme visite 4 îles, dont une est peupléede géants et une autre de lilliputiens Les Voyages de Gulliver
56%
Adolescent qui découvre qu'il est un demi-dieu, fils de Poséidon Percy Jackson
56%
Un inventeur fou et son petit-fils vivent des aventures à travers différents mondes qu'ils traversent à l'aide de portails Rick et Morty
55%
Enfant américain qui n'aime pas l'école et passeson temps à faire des bêtises Les aventures de Tom Sawyer
54%
Un détective privé à l'intelligence hors-norme Sherlock Holmes
54%
Pirate de l'espace au cache-oeil Albator, le corsaire de l'espace
51%
Des enfants qui découvrent un dinosaure etdécident de s'en occuper en le cachant aux yeux du monde Denver, le dernier dinosaure
49%
3ème enfant surdoué d'une famille de 5, il multiplie les bêtises avec ses frères Malcolm
49%
Tueuse de vampires qui tente de mener une vie normale Buffy contre les Vampires
48%
Médecin qui après avoir été initié aux arts occultesest devenu un super-héros Docteur Strange
46%
Inspecteur de police à l'imperméable beigequi doit résoudre des affaires non élucidées Columbo
40%
Un ancien groom et son meilleur ami quiaffrontent des ennemis dangereux, avec l'aide du Comte de Champignac Spirou et Fantasio
40%
L'amitié entre un chien qui parle et sondog-sitter, qui connaît son secret et le garde pour lui Corneil et Bernie
35%
Un ancien voyou devient professeur dans une classe difficile Great Teacher Onizuka
30%
Justicier de l'espace qui se sert de ses connaissance scientifiques afin de triompher du mal Capitaine Flam
25%
Une histoire qui se déroule durant l'Antiquité, et son héros affronte souvent les Romains, et est tiraillé entre ses origines gauloises et son adoption par un romain Alix
15%
Sorcière toute vêtue de noire, qui affronte les anges à l'aide des ces pistolets magiques Bayonetta
15%
Il n'a peut-être ni bras ni jambes, maisça ne l'empêche pas de sauter ni de donner de sacrés coups de poings! Rayman
15%
Une Meister fait équipe avec le héros, qui luiest une Faux de la mort, capable de trancher l'âme de leurs ennemis Soul Eater
15%
Crée par deux scientifique fous, dont Cortex,il les pourchasse afin de les vaincre et de nettoyer la pollution qu'ils ont provoqué Crash Bandicoot
12%
Aucun quiz correspondant
Distribution des résultats
% des personnes avec chaque résultat
Percentile par nombre de réponses
Votre historique - résultats
Vous n’avez pas pris ce quiz depuis la dernière actualisation